[Event "Mittelfranken Landesliga Sued 2223"]
[Site "Mittelfranken"]
[Date "2023.03.19"]
[Round "8.2"]
[White "Tyomkyn, Mikhail"]
[Black "Steinmueller, Stephan"]
[Result "1/2-1/2"]
[WhiteElo "2178"]
[BlackElo "2130"]
[PlyCount "29"]
[EventDate "2022.10.09"]
[EventType "team-tourn"]
[EventRounds "9"]
[EventCountry "GER"]
[SourceTitle "EXT 2024"]
[Source "ChessBase"]
[SourceDate "2023.10.10"]
[SourceVersion "1"]
[SourceVersionDate "2023.10.10"]
[SourceQuality "1"]
[WhiteTeam "Haunstetten"]
[BlackTeam "Starnberg"]
[WhiteTeamCountry "GER"]
[BlackTeamCountry "GER"]

1. d4 f5 2. Bg5 g6 3. e3 Bg7 4. Nd2 h6 5. Bh4 Nc6 6. c3 d6 7. Bc4 Nf6 8. Bxf6 Bxf6 9. Qf3 e5 10. Qg3 g5 11. h4 g4 12. Ne2 Qe7 13. 0-0-0 Bd7 14. dxe5 dxe5 15. f4 1/2-1/2

[Event "Mittelfrank Regionalliga Sud-Ost 2122"]
[Site "Mittelfranken"]
[Date "2022.05.29"]
[Round "9.1"]
[White "Steinmueller, Stephan"]
[Black "Albrecht, Manuel"]
[Result "1/2-1/2"]
[WhiteElo "2110"]
[BlackElo "1854"]
[PlyCount "45"]
[EventDate "2021.10.24"]
[EventType "team-tourn"]
[EventRounds "9"]
[EventCountry "GER"]
[SourceTitle "EXT 2024"]
[Source "ChessBase"]
[SourceDate "2023.10.10"]
[SourceVersion "1"]
[SourceVersionDate "2023.10.10"]
[SourceQuality "1"]
[WhiteTeam "Starnberg"]
[BlackTeam "Landau Dingolfing"]
[WhiteTeamCountry "GER"]
[BlackTeamCountry "GER"]

1. e4 e5 2. Bc4 Nf6 3. d3 Nc6 4. Nf3 Be7 5. 0-0 0-0 6. a4 d6 7. h3 Nd4 8. c3 Nxf3+ 9. Qxf3 Be6 10. Na3 Bxc4 11. Nxc4 Nd7 12. Qg4 Nc5 13. Rd1 Bf6 14. Be3 Ne6 15. d4 exd4 16. cxd4 d5 17. e5 Bg5 18. Bxg5 Qxg5 19. Qxg5 Nxg5 20. Ne3 c6 21. b4 f6 22. exf6 Rxf6 23. Ng4 1/2-1/2

[Event "Regionalliga Sued-Ost 1819"]
[Site "Bayern"]
[Date "2019.03.24"]
[Round "8.4"]
[White "Steinmueller, Stephan"]
[Black "Goetz, Andreas"]
[Result "1-0"]
[WhiteElo "2102"]
[BlackElo "1931"]
[PlyCount "59"]
[EventDate "2018.10.21"]
[EventType "team-tourn"]
[EventRounds "9"]
[EventCountry "GER"]
[SourceTitle "EXT 2022"]
[Source "ChessBase"]
[SourceDate "2021.10.06"]
[SourceVersion "1"]
[SourceVersionDate "2021.10.06"]
[SourceQuality "1"]
[WhiteTeam "Starnberg SC"]
[BlackTeam "Ingolstadt"]
[WhiteTeamCountry "GER"]
[BlackTeamCountry "GER"]

1. e4 g6 2. d4 Bg7 3. Nc3 c6 4. Be3 d5 5. e5 Nh6 6. Qd2 Nf5 7. Bf4 h5 8. Nf3 Bh6 9. Bxh6 Nxh6 10. Bd3 Bf5 11. Bxf5 Nxf5 12. 0-0-0 e6 13. h3 h4 14. Qf4 b5 15. g4 Nh6 16. Rd3 a5 17. Ne2 b4 18. Qd2 Na6 19. Nf4 c5 20. dxc5 Nxc5 21. Rd4 Ne4 22. Qe3 Ng8 23. Rhd1 Qc7 24. Nxd5 exd5 25. Rxd5 Ne7 26. Qxe4 Nxd5 27. Rxd5 Kf8 28. e6 Rd8 29. e7+ Qxe7 30. Qd4 1-0

[Event "Regionalliga Sued-Ost 1819"]
[Site "Bayern"]
[Date "2018.12.16"]
[Round "4.4"]
[White "Steinmueller, Stephan"]
[Black "Tunka, Philipp"]
[Result "1/2-1/2"]
[WhiteElo "2102"]
[BlackElo "1956"]
[PlyCount "104"]
[EventDate "2018.10.21"]
[EventType "team-tourn"]
[EventRounds "9"]
[EventCountry "GER"]
[SourceTitle "EXT 2022"]
[Source "ChessBase"]
[SourceDate "2021.10.06"]
[SourceVersion "1"]
[SourceVersionDate "2021.10.06"]
[SourceQuality "1"]
[WhiteTeam "Starnberg SC"]
[BlackTeam "Groebenzell II"]
[WhiteTeamCountry "GER"]
[BlackTeamCountry "GER"]

1. e4 d6 2. d4 Nf6 3. Nc3 Nbd7 4. Be3 e5 5. f3 Be7 6. Nge2 0-0 7. Qd2 c6 8. g4 b5 9. Ng3 Nb6 10. Nf5 Bxf5 11. gxf5 Nh5 12. 0-0-0 Bf6 13. Rg1 Kh8 14. Qg2 Qe7 15. Qg4 g6 16. Ne2 Nc4 17. Bh6 Bg7 18. Bxg7+ Nxg7 19. Rd3 exd4 20. Rxd4 c5 21. Rxc4 bxc4 22. Nf4 Nxf5 23. Nd5 Qh4 24. Bxc4 Qxg4 25. fxg4 Nd4 26. g5 Kg7 27. Rg3 h6 28. c3 Ne6 29. gxh6+ Kxh6 30. Ne7 Nf4 31. Rf3 Kg5 32. Rg3+ Kf6 33. Nc6 Rh8 34. Rf3 g5 35. Rf2 Rae8 36. Bd3 Kg7 37. Bb1 a6 38. Rd2 Re6 39. a4 Reh6 40. Ne7 Rxh2 41. Nf5+ Kf6 42. Rxd6+ Ke5 43. Bc2 Rh1+ 44. Bd1 R8h2 45. Rd7 Ne2+ 46. Kb1 Nf4 47. Ka2 c4 48. Ne3 Kxe4 49. Nxc4 Rxd1 50. Rxd1 f5 51. Nd6+ Ke5 52. Nc4+ Ke4 1/2-1/2

[Event "Regionalliga Sued-Ost 1819"]
[Site "Bayern"]
[Date "2018.11.25"]
[Round "3.4"]
[White "Steinmueller, Stephan"]
[Black "Knoblauch, Leonhard"]
[Result "1-0"]
[WhiteElo "2102"]
[BlackElo "2051"]
[PlyCount "59"]
[EventDate "2018.10.21"]
[EventType "team-tourn"]
[EventRounds "9"]
[EventCountry "GER"]
[SourceTitle "EXT 2022"]
[Source "ChessBase"]
[SourceDate "2021.10.06"]
[SourceVersion "1"]
[SourceVersionDate "2021.10.06"]
[SourceQuality "1"]
[WhiteTeam "Starnberg SC"]
[BlackTeam "Ilmmuenster"]
[WhiteTeamCountry "GER"]
[BlackTeamCountry "GER"]

1. e4 c5 2. Nf3 Nc6 3. d3 g6 4. g3 Bg7 5. Bg2 e6 6. 0-0 Nge7 7. Re1 d5 8. e5 Qc7 9. Qe2 Bd7 10. c3 a6 11. Bf4 b5 12. Nbd2 0-0 13. h4 b4 14. Nf1 bxc3 15. bxc3 Qa5 16. Qd2 Rab8 17. N1h2 d4 18. Ng4 dxc3 19. Qc1 Nd5 20. Bh6 f5 21. exf6 Bxf6 22. Bxf8 Rxf8 23. Nxf6+ Rxf6 24. Qh6 Rf8 25. Ng5 Nf6 26. h5 Ne7 27. hxg6 Nxg6 28. Nxh7 Nxh7 29. Qxg6+ Kh8 30. Be4 1-0

[Event "Oberbayern Bezirksliga 1718"]
[Site "Germany"]
[Date "2018.04.15"]
[Round "9.7"]
[White "Steinmueller, Stephan"]
[Black "Gugenberger, Uwe"]
[Result "1-0"]
[WhiteElo "2083"]
[BlackElo "1699"]
[PlyCount "60"]
[EventDate "2017.10.22"]
[EventType "team-tourn"]
[EventRounds "9"]
[EventCountry "GER"]
[SourceTitle "EXT 2019"]
[Source "ChessBase"]
[SourceDate "2018.10.10"]
[SourceVersion "1"]
[SourceVersionDate "2018.10.10"]
[SourceQuality "1"]
[WhiteTeam "Starnberg"]
[BlackTeam "Dorfen"]
[WhiteTeamCountry "GER"]
[BlackTeamCountry "GER"]

1. e4 c6 2. d4 d5 3. exd5 cxd5 4. c4 Nc6 5. Nc3 Nf6 6. Bg5 e6 7. Nf3 Be7 8. Bd3 Nb4 9. Be2 dxc4 10. Bxc4 Nbd5 11. 0-0 0-0 12. Ne5 Nxc3 13. bxc3 Ne4 14. Bxe7 Qxe7 15. Qd3 Nf6 16. Rfe1 Qc7 17. Re3 Bd7 18. Rh3 Bc6 19. Re1 Rfd8 20. Nxf7 Kxf7 21. Bxe6+ Kf8 22. Rxh7 Be4 23. Rxe4 Nxh7 24. Qh3 Qb6 25. Re1 Nf6 26. Qh8+ Ke7 27. Qxg7+ Kd6 28. Qxf6 Rf8 29. Bf7+ Kd7 30. Qe7+ Kc6 1-0

[Event "Oberbayern Bezirksliga 1718"]
[Site "Germany"]
[Date "2017.12.10"]
[Round "4.7"]
[White "Walter, Stefan2"]
[Black "Steinmueller, Stephan"]
[Result "0-1"]
[WhiteElo "1976"]
[BlackElo "2083"]
[PlyCount "80"]
[EventDate "2017.10.22"]
[EventType "team-tourn"]
[EventRounds "9"]
[EventCountry "GER"]
[SourceTitle "EXT 2019"]
[Source "ChessBase"]
[SourceDate "2018.10.10"]
[SourceVersion "1"]
[SourceVersionDate "2018.10.10"]
[SourceQuality "1"]
[WhiteTeam "Neuburg"]
[BlackTeam "Starnberg"]
[WhiteTeamCountry "GER"]
[BlackTeamCountry "GER"]

1. e4 c5 2. Nc3 Nc6 3. g3 g6 4. Bg2 Bg7 5. d3 e6 6. f4 Nge7 7. Nf3 d6 8. 0-0 0-0 9. Ne2 b6 10. g4 f5 11. gxf5 exf5 12. e5 dxe5 13. Nxe5 Bb7 14. Nc3 Rb8 15. Nc4 Nd4 16. Re1 Bxg2 17. Kxg2 Nd5 18. Ne5 Nb4 19. Be3 Nbxc2 20. Bxd4 Nxe1+ 21. Qxe1 cxd4 22. Nc6 Qd6 23. Ne7+ Kf7 24. Ncd5 Rfe8 25. Rc1 Rb7 26. Qh4 Rbxe7 27. Nxe7 Qxe7 28. Qf2 Qe3 29. Rc7+ Re7 30. Qc2 Qe6 31. b4 h6 32. b5 Kg8 33. a4 Kh7 34. h4 Qd5+ 35. Kf2 Qh1 36. Qc6 Qe1+ 37. Kg2 Re2+ 38. Kh3 Re3+ 39. Kg2 Qd2+ 40. Kf1 Re1# 0-1

[Event "Oberbayern Bezirksliga 1718"]
[Site "Germany"]
[Date "2017.11.26"]
[Round "3.6"]
[White "Schmid, Dieter"]
[Black "Steinmueller, Stephan"]
[Result "0-1"]
[WhiteElo "1744"]
[BlackElo "2083"]
[PlyCount "78"]
[EventDate "2017.10.22"]
[EventType "team-tourn"]
[EventRounds "9"]
[EventCountry "GER"]
[SourceTitle "EXT 2019"]
[Source "ChessBase"]
[SourceDate "2018.10.10"]
[SourceVersion "1"]
[SourceVersionDate "2018.10.10"]
[SourceQuality "1"]
[WhiteTeam "Pang/Rosenheim II"]
[BlackTeam "Starnberg"]
[WhiteTeamCountry "GER"]
[BlackTeamCountry "GER"]

1. d4 f5 2. g3 Nf6 3. Bg2 g6 4. Nd2 Nc6 5. c3 Bg7 6. Nh3 0-0 7. d5 Ne5 8. Nf3 Nf7 9. Nfg5 Nd6 10. Qd3 h6 11. Nf3 Qe8 12. Nd4 e5 13. dxe6 dxe6 14. Nb3 e5 15. Qc2 Bd7 16. Be3 Bc6 17. f3 e4 18. f4 Ng4 19. Bc5 b6 20. Bg1 e3 21. Bf3 Nc4 22. 0-0-0 Be4 23. Bxe4 fxe4 24. Nd4 c5 25. Qb3 Qf7 26. Nc6 Kh7 27. Ne5 Bxe5 28. fxe5 g5 29. Qc2 Qf5 30. Qa4 Ncxe5 31. Qa6 Rfd8 32. Qb7+ Kh8 33. Nxg5 Rxd1+ 34. Kxd1 Rd8+ 35. Kc2 Qxg5 36. Qxe4 Rd2+ 37. Kb3 Qg8+ 38. Ka3 Nc4+ 39. Ka4 b5+ 0-1

[Event "Regionalliga SO 1617"]
[Site "Bayern"]
[Date "2017.04.30"]
[Round "9.4"]
[White "Steinmueller, Stephan"]
[Black "Stoffel, Matthias"]
[Result "0-1"]
[WhiteElo "2079"]
[BlackElo "1958"]
[PlyCount "80"]
[EventDate "2016.10.16"]
[EventType "team-tourn"]
[EventRounds "9"]
[EventCountry "GER"]
[SourceTitle "EXT 2019"]
[Source "ChessBase"]
[SourceDate "2018.10.10"]
[SourceVersion "1"]
[SourceVersionDate "2018.10.10"]
[SourceQuality "1"]
[WhiteTeam "Starnberger See"]
[BlackTeam "Bruckmuehl"]
[WhiteTeamCountry "GER"]
[BlackTeamCountry "GER"]

1. e4 c5 2. Nc3 d6 3. g3 Nc6 4. Bg2 g6 5. d3 Bg7 6. Be3 e6 7. Qd2 Rb8 8. Nge2 Nd4 9. Nd1 Ne7 10. c3 Nxe2 11. Qxe2 b6 12. Qd2 h5 13. f4 Bb7 14. 0-0 Qd7 15. d4 Rd8 16. Nf2 0-0 17. Rad1 Qc8 18. Nh3 d5 19. e5 Nf5 20. Bf2 Ba6 21. Rfe1 cxd4 22. cxd4 Qd7 23. Ng5 Rc8 24. h3 Rc6 25. Rc1 Rfc8 26. g4 hxg4 27. hxg4 Nh6 28. Bh3 Qc7 29. Rxc6 Qxc6 30. Be3 Qc2 31. Nf3 Qxd2 32. Bxd2 Rc2 33. Bc3 b5 34. a3 Bf8 35. Nd2 Bxa3 36. Ra1 b4 37. bxa3 bxc3 38. Nb3 Rb2 39. Nc5 c2 40. Rc1 Rb1 0-1

[Event "Regionalliga SO 1617"]
[Site "Bayern"]
[Date "2017.01.15"]
[Round "4.3"]
[White "Steinmueller, Stephan"]
[Black "Siebert, Joachim"]
[Result "1/2-1/2"]
[WhiteElo "2079"]
[BlackElo "1917"]
[PlyCount "55"]
[EventDate "2016.10.16"]
[EventType "team-tourn"]
[EventRounds "9"]
[EventCountry "GER"]
[SourceTitle "EXT 2019"]
[Source "ChessBase"]
[SourceDate "2018.10.10"]
[SourceVersion "1"]
[SourceVersionDate "2018.10.10"]
[SourceQuality "1"]
[WhiteTeam "Starnberger See"]
[BlackTeam "Landshut"]
[WhiteTeamCountry "GER"]
[BlackTeamCountry "GER"]

1. e4 e6 2. d3 d5 3. Nd2 Nf6 4. Ngf3 Be7 5. g3 0-0 6. Bg2 c5 7. 0-0 Nc6 8. e5 Nd7 9. Re1 f6 10. exf6 Nxf6 11. Nf1 Bd7 12. Bf4 Qb6 13. Rb1 Rae8 14. h4 Nd4 15. Ne5 Ba4 16. b3 Bd7 17. Nh2 Bd6 18. Nhg4 Qc7 19. Nxf6+ Rxf6 20. Nxd7 Qxd7 21. Bg5 Rf5 22. c3 Nb5 23. Bd2 Nc7 24. Re2 Rff8 25. Qc2 Qf7 26. Rbe1 Qf5 27. Bc1 h6 28. Qd2 1/2-1/2

[Event "Regionalliga SO 1617"]
[Site "Bayern"]
[Date "2016.11.20"]
[Round "2.4"]
[White "Sailer, Wolfgang"]
[Black "Steinmueller, Stephan"]
[Result "1-0"]
[WhiteElo "2078"]
[BlackElo "2079"]
[PlyCount "97"]
[EventDate "2016.10.16"]
[EventType "team-tourn"]
[EventRounds "9"]
[EventCountry "GER"]
[SourceTitle "EXT 2019"]
[Source "ChessBase"]
[SourceDate "2018.10.10"]
[SourceVersion "1"]
[SourceVersionDate "2018.10.10"]
[SourceQuality "1"]
[WhiteTeam "Ingolstadt"]
[BlackTeam "Starnberger See"]
[WhiteTeamCountry "GER"]
[BlackTeamCountry "GER"]

1. e4 c5 2. Nc3 Nc6 3. f4 g6 4. Nf3 Bg7 5. Bc4 e6 6. d3 Nge7 7. 0-0 0-0 8. Qe1 d5 9. Bb3 Na5 10. exd5 Nxb3 11. axb3 exd5 12. Qf2 d4 13. Ne4 b6 14. Bd2 Nd5 15. Ne5 f5 16. Ng5 Bxe5 17. fxe5 h6 18. Nf3 f4 19. c3 Ne3 20. Rfc1 Bb7 21. cxd4 cxd4 22. Ra4 Ng4 23. Qe2 Bxf3 24. Qxf3 Nxe5 25. Qe4 Qf6 26. Rxd4 Rad8 27. Rxd8 Rxd8 28. Bc3 Re8 29. d4 Qc6 30. Qxc6 Nxc6 31. d5 Na5 32. b4 Nb3 33. Rd1 Rd8 34. Kf2 a5 35. Kf3 g5 36. Ke4 Kf7 37. Kf5 axb4 38. Bxb4 Nc5 39. h4 Na6 40. Bc3 f3 41. gxf3 gxh4 42. Bf6 Rd6 43. Bxh4 Nb4 44. Ke5 Rd7 45. Rd4 Na6 46. Rf4+ Kg7 47. b4 Nc7 48. d6 Nb5 49. Be7 1-0

[Event "Regionalliga SO 1516"]
[Site "Bayern"]
[Date "2015.12.13"]
[Round "4.2"]
[White "Poetsch, Klaus"]
[Black "Steinmueller, Stephan"]
[Result "1/2-1/2"]
[WhiteElo "2123"]
[BlackElo "2079"]
[PlyCount "37"]
[EventDate "2015.10.11"]
[EventType "team-tourn"]
[EventRounds "9"]
[EventCountry "GER"]
[SourceTitle "EXT 2018"]
[Source "ChessBase"]
[SourceDate "2017.10.13"]
[SourceVersion "1"]
[SourceVersionDate "2017.10.13"]
[SourceQuality "1"]
[WhiteTeam "Waldkraiburg"]
[BlackTeam "Starnberger See"]
[WhiteTeamCountry "GER"]
[BlackTeamCountry "GER"]

1. d4 f5 2. Nc3 d5 3. Bf4 Nf6 4. e3 e6 5. Nb5 Na6 6. c4 c6 7. Nc3 Nc7 8. c5 Be7 9. Bd3 0-0 10. h3 Ne4 11. Nf3 Ne8 12. Bxe4 dxe4 13. Ne5 Nf6 14. h4 Nd5 15. Nxd5 exd5 16. h5 Bg5 17. g3 Bf6 18. Ng6 Re8 19. Ne5 1/2-1/2

[Event "Regionalliga SO 1516"]
[Site "Bayern"]
[Date "2015.10.11"]
[Round "1.2"]
[White "Gesing, Oliver"]
[Black "Steinmueller, Stephan"]
[Result "1-0"]
[WhiteElo "2104"]
[BlackElo "2079"]
[PlyCount "80"]
[EventDate "2015.10.11"]
[EventType "team-tourn"]
[EventRounds "9"]
[EventCountry "GER"]
[SourceTitle "EXT 2018"]
[Source "ChessBase"]
[SourceDate "2017.10.13"]
[SourceVersion "1"]
[SourceVersionDate "2017.10.13"]
[SourceQuality "1"]
[WhiteTeam "Graefelfing"]
[BlackTeam "Starnberger See"]
[WhiteTeamCountry "GER"]
[BlackTeamCountry "GER"]

1. e4 c5 2. Nc3 Nc6 3. g3 g6 4. Bg2 Bg7 5. d3 d6 6. f4 e6 7. Nf3 Nge7 8. 0-0 0-0 9. Be3 Nd4 10. e5 Nef5 11. Bf2 Nxf3+ 12. Qxf3 Nd4 13. Qd1 dxe5 14. fxe5 Bxe5 15. Ne4 f5 16. Nxc5 Qc7 17. b4 Nb5 18. d4 Rd8 19. c3 Bg7 20. Qb3 Qf7 21. Rae1 e5 22. Qxf7+ Kxf7 23. dxe5 Nxc3 24. Nxb7 Bxb7 25. Bxb7 Ke6 26. Bxa8 Rxa8 27. Bd4 Ne4 28. Rc1 Bxe5 29. Bxe5 Kxe5 30. Rc7 h5 31. Rd1 Rb8 32. Rb1 Rd8 33. Rb2 g5 34. Rxa7 g4 35. Re7+ Kf6 36. Rxe4 fxe4 37. Kf2 Ke5 38. b5 Rf8+ 39. Ke2 Kd4 40. b6 e3 1-0

[Event "Regionalliga SO 1415"]
[Site "Bayern"]
[Date "2015.02.22"]
[Round "7.2"]
[White "Steinmueller, Stephan"]
[Black "Maierhofer, Johann"]
[Result "1-0"]
[WhiteElo "2079"]
[BlackElo "2134"]
[PlyCount "57"]
[EventDate "2014.10.19"]
[EventType "team-tourn"]
[EventRounds "9"]
[EventCountry "GER"]
[SourceTitle "EXT 2018"]
[Source "ChessBase"]
[SourceDate "2017.10.13"]
[SourceVersion "1"]
[SourceVersionDate "2017.10.13"]
[SourceQuality "1"]
[WhiteTeam "Starnberger See"]
[BlackTeam "Waldkraiburg"]
[WhiteTeamCountry "GER"]
[BlackTeamCountry "GER"]

1. Nf3 g6 2. g3 Bg7 3. Bg2 e5 4. d3 Ne7 5. e4 0-0 6. 0-0 d6 7. Nc3 c5 8. Be3 Nbc6 9. Qd2 f6 10. Bh6 Be6 11. Bxg7 Kxg7 12. Ne1 d5 13. exd5 Nxd5 14. f4 exf4 15. Nxd5 Bxd5 16. Rxf4 Qd6 17. Nf3 Rae8 18. Rh4 g5 19. Nxg5 Bxg2 20. Nxh7 Ne5 21. Qh6+ Kf7 22. Kxg2 Ng6 23. Rg4 f5 24. Rf1 Qd5+ 25. Kh3 Rg8 26. Qg5 Kg7 27. Qxg6+ Kh8 28. Qf6+ Kxh7 29. Rh4# 1-0

[Event "Regionalliga SO 1415"]
[Site "Bayern"]
[Date "2014.11.23"]
[Round "3.2"]
[White "Steinmueller, Stephan"]
[Black "Vidonyak, Roman"]
[Result "0-1"]
[WhiteElo "2079"]
[BlackElo "2407"]
[PlyCount "80"]
[EventDate "2014.10.19"]
[EventType "team-tourn"]
[EventRounds "9"]
[EventCountry "GER"]
[SourceTitle "EXT 2018"]
[Source "ChessBase"]
[SourceDate "2017.10.13"]
[SourceVersion "1"]
[SourceVersionDate "2017.10.13"]
[SourceQuality "1"]
[WhiteTeam "Starnberger See"]
[BlackTeam "Tegernsee"]
[WhiteTeamCountry "GER"]
[BlackTeamCountry "GER"]

1. Nf3 Nf6 2. g3 b5 3. Bg2 Bb7 4. d3 e6 5. e4 d6 6. 0-0 c5 7. Nbd2 Be7 8. Re1 e5 9. Nf1 0-0 10. Ne3 g6 11. h4 Re8 12. Ng5 h6 13. Nf3 Bf8 14. Nh2 Nbd7 15. Nhg4 h5 16. Nxf6+ Nxf6 17. Nd5 Nxd5 18. exd5 Bg7 19. Bg5 Qb6 20. Qd2 a5 21. Bh6 c4 22. dxc4 bxc4 23. c3 Rab8 24. Re2 Bc8 25. Bf3 Bf5 26. Bxg7 Kxg7 27. Qg5 Bd3 28. Rd2 e4 29. Bg2 Re5 30. Qf4 Rf5 31. Qe3 Qxe3 32. fxe3 Rxd5 33. Rad1 Rdb5 34. b3 cxb3 35. axb3 Rxb3 36. Ra1 Rb1+ 37. Rxb1 Rxb1+ 38. Kf2 Ra1 39. Rb2 a4 40. Rb4 a3 0-1

[Event "Regionalliga SO 1314"]
[Site "Bayern"]
[Date "2014.03.16"]
[Round "8.2"]
[White "Steinmueller, Stephan"]
[Black "Delchev, Aleksander"]
[Result "0-1"]
[WhiteElo "2131"]
[BlackElo "2613"]
[PlyCount "79"]
[EventDate "2013.10.13"]
[EventType "team-tourn"]
[EventRounds "9"]
[EventCountry "GER"]
[SourceTitle "EXT 2015"]
[Source "ChessBase"]
[SourceDate "2014.11.20"]
[SourceVersion "1"]
[SourceVersionDate "2014.11.20"]
[SourceQuality "1"]
[WhiteTeam "Starnberger See"]
[BlackTeam "Deggendorf"]
[WhiteTeamCountry "GER"]
[BlackTeamCountry "GER"]

1. e4 c5 2. Nf3 d6 3. g3 Nc6 4. Bg2 Bg4 5. h3 Bh5 6. d3 e6 7. 0-0 Be7 8. Nbd2 Nf6 9. c3 d5 10. Qc2 h6 11. Re1 Bg6 12. Qb3 Qd7 13. exd5 exd5 14. d4 0-0-0 15. Ne5 Nxe5 16. dxe5 Ne4 17. Nxe4 dxe4 18. Bf4 Bg5 19. Qa3 Bxf4 20. Qxc5+ Kb8 21. gxf4 Bf5 22. Qd6+ Qxd6 23. exd6 Rxd6 24. Rad1 Rhd8 25. Rxd6 Rxd6 26. Bxe4 Bxh3 27. Bf3 Be6 28. f5 Bxf5 29. Re7 Rd7 30. Re8+ Kc7 31. Re5 Be6 32. a4 Rd3 33. Kg2 b6 34. a5 Kd6 35. Rb5 Bd5 36. Bxd5 Rxd5 37. Rb4 Rxa5 38. Rg4 Rg5 39. Kg3 Rxg4+ 40. Kxg4 0-1

[Event "Regionalliga SO 1314"]
[Site "Bayern"]
[Date "2014.01.19"]
[Round "5.2"]
[White "Steinmueller, Stephan"]
[Black "Schweiger, Georg"]
[Result "1/2-1/2"]
[WhiteElo "2131"]
[BlackElo "2113"]
[PlyCount "26"]
[EventDate "2013.10.13"]
[EventType "team-tourn"]
[EventRounds "9"]
[EventCountry "GER"]
[SourceTitle "EXT 2015"]
[Source "ChessBase"]
[SourceDate "2014.11.20"]
[SourceVersion "1"]
[SourceVersionDate "2014.11.20"]
[SourceQuality "1"]
[WhiteTeam "Starnberger See"]
[BlackTeam "Ebersberg Grafing"]
[WhiteTeamCountry "GER"]
[BlackTeamCountry "GER"]

1. Nf3 d5 2. g3 Nc6 3. Bg2 e5 4. d3 Nf6 5. 0-0 Be7 6. Nbd2 h6 7. e4 dxe4 8. dxe4 Be6 9. Qe2 0-0 10. c3 Nd7 11. Nc4 Qc8 12. Ne3 Nb6 13. b4 a6 1/2-1/2

[Event "Regionalliga SO 1213"]
[Site "Bayern"]
[Date "2013.02.03"]
[Round "6.3"]
[White "Steinmueller, Stephan"]
[Black "Vidonyak, Nellya"]
[Result "1/2-1/2"]
[WhiteElo "2143"]
[BlackElo "2043"]
[PlyCount "48"]
[EventDate "2012.10.14"]
[EventType "team-tourn"]
[EventRounds "9"]
[EventCountry "GER"]
[SourceTitle "EXT 2015"]
[Source "ChessBase"]
[SourceDate "2014.11.20"]
[SourceVersion "1"]
[SourceVersionDate "2014.11.20"]
[SourceQuality "1"]
[WhiteTeam "Starnberger See"]
[BlackTeam "Tegernsee"]
[WhiteTeamCountry "GER"]
[BlackTeamCountry "GER"]

1. e4 a6 2. Nf3 b5 3. d4 Bb7 4. Bd3 g6 5. 0-0 Bg7 6. c3 Nf6 7. Qe2 0-0 8. Bf4 d6 9. h3 Nbd7 10. Nbd2 c5 11. d5 Nb6 12. Nh2 Nfd7 13. Ng4 c4 14. Bc2 Nc5 15. Nf3 Nca4 16. Bh6 Bc8 17. Bxg7 Kxg7 18. Rab1 Nc5 19. Qe3 Bxg4 20. hxg4 Qc8 21. Qf4 f6 22. Nd4 Rb8 23. Qg3 Rb7 24. f4 e5 1/2-1/2

[Event "Regionalliga SO 1213"]
[Site "Bayern"]
[Date "2012.11.25"]
[Round "3.3"]
[White "Steinmueller, Stephan"]
[Black "Stadler, Alexander"]
[Result "1/2-1/2"]
[WhiteElo "2143"]
[BlackElo "2077"]
[PlyCount "88"]
[EventDate "2012.10.14"]
[EventType "team-tourn"]
[EventRounds "9"]
[EventCountry "GER"]
[SourceTitle "EXT 2015"]
[Source "ChessBase"]
[SourceDate "2014.11.20"]
[SourceVersion "1"]
[SourceVersionDate "2014.11.20"]
[SourceQuality "1"]
[WhiteTeam "Starnberger See"]
[BlackTeam "Deggendorf"]
[WhiteTeamCountry "GER"]
[BlackTeamCountry "GER"]

1. e4 c5 2. Nf3 e6 3. d3 Nc6 4. g3 d5 5. Nbd2 Nf6 6. Bg2 Be7 7. 0-0 0-0 8. e5 Nd7 9. Re1 Qc7 10. Qe2 b5 11. Nf1 Bb7 12. h4 Rae8 13. Bf4 Nb6 14. N1h2 d4 15. Ng5 Bxg5 16. hxg5 Ne7 17. Bxb7 Qxb7 18. Qh5 Nbd5 19. Ng4 Nxf4 20. gxf4 Nf5 21. Re4 Rc8 22. Kg2 Rfd8 23. Rh1 Kf8 24. Qxh7 Ke7 25. f3 Qa8 26. Qh2 c4 27. dxc4 bxc4 28. g6 Rh8 29. Qg1 fxg6 30. Rxh8 Rxh8 31. Qe1 Qb7 32. Qa5 Rb8 33. Qc5+ Kf7 34. Qxc4 Rc8 35. Qa4 Qxb2 36. Qd7+ Ne7 37. Qxd4 Rxc2+ 38. Nf2 Qxa2 39. Re1 a5 40. Kg1 Qd5 41. Qxd5 Nxd5 42. Ra1 Rc5 43. Ne4 Rc2 44. Rxa5 Rc7 1/2-1/2

[Event "Landesliga Sued 9900"]
[Site "Bayern"]
[Date "1999.12.12"]
[Round "3.5"]
[White "Hock, Martin"]
[Black "Steinmueller, Stephan"]
[Result "1/2-1/2"]
[WhiteElo "1985"]
[BlackElo "2105"]
[PlyCount "146"]
[EventDate "1999.10.10"]
[EventType "team-tourn"]
[EventRounds "9"]
[EventCountry "GER"]
[SourceTitle "EXT 2020"]
[Source "ChessBase"]
[SourceDate "2019.10.17"]
[SourceVersion "1"]
[SourceVersionDate "2019.10.17"]
[SourceQuality "1"]
[WhiteTeam "Graefelfing SK"]
[BlackTeam "Starnberg SC"]
[WhiteTeamCountry "GER"]
[BlackTeamCountry "GER"]

1. Nf3 f5 2. e4 fxe4 3. Ng5 Nf6 4. d3 e3 5. Bxe3 g6 6. d4 Bg7 7. Bd3 Nc6 8. 0-0 0-0 9. c3 e5 10. h3 d5 11. dxe5 Nxe5 12. Be2 Qe7 13. Nd2 b6 14. Ngf3 Nxf3+ 15. Bxf3 Bb7 16. Re1 Qf7 17. a4 Ne4 18. Qc2 Rae8 19. c4 Nxd2 20. Qxd2 d4 21. Bxb7 dxe3 22. Rxe3 Kh8 23. Rxe8 Rxe8 24. Bd5 Qf6 25. Re1 Rd8 26. Qe2 Qxb2 27. Qxb2 Bxb2 28. Re7 Rc8 29. Bb7 Rd8 30. g3 Rd1+ 31. Kg2 c5 32. Bd5 a5 33. Rb7 Bd4 34. Rxb6 Rd2 35. Rb8+ Kg7 36. Rg8+ Kf6 37. Rf8+ Ke5 38. Kf1 Kd6 39. Bg8 h6 40. f4 Ra2 41. Ra8 Ra1+ 42. Ke2 Ra2+ 43. Kd1 Rxa4 44. Ra6+ Ke7 45. Rxg6 Ra3 46. Bd5 h5 47. g4 Rxh3 48. g5 a4 49. Ra6 a3 50. f5 Rg3 51. f6+ Kd7 52. f7 Bg7 53. Kc2 h4 54. Kb1 h3 55. Ra8 Rg1+ 56. Kc2 h2 57. Rxa3 h1Q 58. Ra7+ Kd6 59. Ra6+ Kd7 60. Ra7+ Kd6 61. Ra6+ Ke5 62. Bxh1 Rxh1 63. Rg6 Bf8 64. Rg8 Bd6 65. g6 Kf6 66. g7 Kxf7 67. Rd8 Kxg7 68. Rxd6 Rh5 69. Kb3 Kf7 70. Rc6 Ke7 71. Ka4 Kd7 72. Kb5 Re5 73. Kb6 Rg5 1/2-1/2